International finance : (Record no. 18603)
[ view plain ]
| 000 -LEADER | |
|---|---|
| fixed length control field | 02054cam a22002894a 4500 |
| 001 - CONTROL NUMBER | |
| control field | 16985423 |
| 005 - DATE AND TIME OF LATEST TRANSACTION | |
| control field | 20201128021124.0 |
| 008 - FIXED-LENGTH DATA ELEMENTS--GENERAL INFORMATION | |
| fixed length control field | 110930s2012 xxkadk frbd 001 0 eng d |
| 010 ## - LIBRARY OF CONGRESS CONTROL NUMBER | |
| LC control number | 2011040033 |
| 020 ## - INTERNATIONAL STANDARD BOOK NUMBER | |
| International Standard Book Number | 9780273731863 (pbk.) |
| 020 ## - INTERNATIONAL STANDARD BOOK NUMBER | |
| International Standard Book Number | 0273731866 (pbk.) |
| 035 ## - SYSTEM CONTROL NUMBER | |
| System control number | (OCoLC)ocn755904551 |
| 040 ## - CATALOGING SOURCE | |
| Original cataloging agency | DLC |
| Language of cataloging | eng |
| Transcribing agency | DLC |
| Modifying agency | YDX |
| -- | CDX |
| -- | YDXCP |
| -- | DLC |
| -- | EG-ScBUE |
| 082 00 - DEWEY DECIMAL CLASSIFICATION NUMBER | |
| Classification number | 332.042 |
| Edition number | 22 |
| Item number | BUC |
| 100 1# - MAIN ENTRY--PERSONAL NAME | |
| Personal name | Buckley, Adrian |
| 9 (RLIN) | 36498 |
| 245 10 - TITLE STATEMENT | |
| Title | International finance : |
| Remainder of title | a practical perspective / |
| Statement of responsibility, etc | Adrian Buckley. |
| 260 ## - PUBLICATION, DISTRIBUTION, ETC. (IMPRINT) | |
| Place of publication, distribution, etc | Harlow, United Kingdom : |
| Name of publisher, distributor, etc | Pearson, |
| Date of publication, distribution, etc | 2012 |
| Place of manufacture | ([Gosport, United Kingdom] : |
| Manufacturer | Ashford Colour Press Ltd.) |
| 300 ## - PHYSICAL DESCRIPTION | |
| Extent | xix, 652 p. : |
| Other physical details | charts, forms, tables ; |
| Dimensions | 25 cm. |
| 500 ## - GENERAL NOTE | |
| General note | Glossary : p. 610-635. |
| 500 ## - GENERAL NOTE | |
| General note | Index : p. 644-652. |
| 504 ## - BIBLIOGRAPHY, ETC. NOTE | |
| Bibliography, etc | Bibliography : p. 636-643. |
| 505 0# - FORMATTED CONTENTS NOTE | |
| Formatted contents note | Introduction-The international monetary system-Exchange rates : the basic equations-Foreign exchange markets-The balance of payments-Theories and empiricism on exchange rate movements -Definitions of foreign exchange risk-Does foreign exchange exposure matter ? -Principles of exposure management-International techniques of exposure management-External techniques of exposure management-Swaps-Financial futures and foreign exchange-Options-Currency options-Interest rate risk-Financial engineering-Credit default swaps-The financial crisis of 2007 : a synopsis-The internationalisation process-Exchange controls and corporate tax in international investment- The international capital budgeting framework-The international capital budgeting model-International investment : what discount rate?-Country risk analysis and political risk-International capital budgeting : the practicalities-Financing the multinational and its overseas subsidiaries-Financing international trade and minimising credit risk-Practical problems in hedging-Miscellaneous issues in international finance. |
| 650 #0 - SUBJECT ADDED ENTRY--TOPICAL TERM | |
| Topical term or geographic name as entry element | International finance |
| 9 (RLIN) | 1619 |
| 653 ## - INDEX TERM--UNCONTROLLED | |
| Resource For college | BAEPS, Business Administration |
| Arrived date list | November2014 |
| 655 ## - INDEX TERM--GENRE/FORM | |
| Form subdivision | |
| -- | 34232 |
| 942 ## - ADDED ENTRY ELEMENTS (KOHA) | |
| Source of classification or shelving scheme | Dewey Decimal Classification |
| Call number prefix | 332.042 BUC |
| Withdrawn status | Item status | Source of classification or shelving scheme | Damaged status | Not for loan | Vendor | Home library | Current library | Shelving location | Date acquired | Source of acquisition | Cost, normal purchase price | Serial Enumeration / chronology | Total Checkouts | Total Renewals | Full call number | Barcode | Date last seen | Date last borrowed | Cost, replacement price | Koha item type |
|---|---|---|---|---|---|---|---|---|---|---|---|---|---|---|---|---|---|---|---|---|
| Dewey Decimal Classification | Baccah | Central Library | Central Library | First floor | 12/11/2014 | 238.00 | 20677 | 2 | 13 | 332.042 BUC | 000036983 | 15/07/2025 | 08/11/2018 | 297.50 | Book - Borrowing |